Wheater's Functional Histology:a text and colour atlas (Record no. 156)

MARC details
000 -LEADER
fixed length control field 00965cam a2200277 a 4500
001 - CONTROL NUMBER
control field 14480916
003 - CONTROL NUMBER IDENTIFIER
control field OSt
005 - DATE AND TIME OF LATEST TRANSACTION
control field 20260311020118.0
008 - FIXED-LENGTH DATA ELEMENTS--GENERAL INFORMATION
fixed length control field 060804s2006 stka 001 0 eng
010 ## - LIBRARY OF CONGRESS CONTROL NUMBER
LC control number 2006280114
020 ## - INTERNATIONAL STANDARD BOOK NUMBER
International Standard Book Number 9780443068508
020 ## - INTERNATIONAL STANDARD BOOK NUMBER
International Standard Book Number 044306850X
040 ## - CATALOGING SOURCE
Original cataloging agency DLC
Transcribing agency DLC
Modifying agency DLC
082 00 - DEWEY DECIMAL CLASSIFICATION NUMBER
Classification number QS 504 W566 2006
100 ## - MAIN ENTRY--PERSONAL NAME
Personal name Barbara Young [et...al]
9 (RLIN) 12511
245 00 - TITLE STATEMENT
Title Wheater's Functional Histology:a text and colour atlas
Statement of responsibility, etc. .
250 ## - EDITION STATEMENT
Edition statement 5th ed.
260 ## - PUBLICATION, DISTRIBUTION, ETC. (IMPRINT)
Place of publication, distribution, etc. [Edinburgh?] :
Name of publisher, distributor, etc. Churchill Livingstone/Elsevier,
Date of publication, distribution, etc. 2006.
300 ## - PHYSICAL DESCRIPTION
Extent x, 437 p. :
Other physical details col. ill. ;
Dimensions 30 cm.
500 ## - GENERAL NOTE
General note Includes index.
650 #0 - SUBJECT ADDED ENTRY--TOPICAL TERM
Topical term or geographic name as entry element Histology atlas
9 (RLIN) 194
856 41 - ELECTRONIC LOCATION AND ACCESS
Materials specified Table of contents only
Uniform Resource Identifier <a href="http://www.loc.gov/catdir/toc/fy0614/2006280114.html">http://www.loc.gov/catdir/toc/fy0614/2006280114.html</a>
906 ## - LOCAL DATA ELEMENT F, LDF (RLIN)
a 7
b cbc
c origcop
d 2
e ncip
f 20
g y-gencatlg
942 ## - ADDED ENTRY ELEMENTS (KOHA)
Source of classification or shelving scheme Other/Generic Classification Scheme
Koha item type Book Bank
Koha issues (borrowed), all copies 1
Holdings
Withdrawn status Lost status Source of classification or shelving scheme Damaged status Not for loan Home library Current library Date acquired Source of acquisition Inventory number Total Checkouts Full call number Barcode Date last seen Price effective from Koha item type Date last checked out Checked out
    Other/Generic Classification Scheme     MUST Main Library MUST Main Library 09/07/2014 Purchased 2006/27642   QS 504 W566 2006 2014-0429 04/12/2019 09/07/2014 Book Bank    
    Other/Generic Classification Scheme     MUST Main Library MUST Main Library 09/07/2014 Purchased 2006/27659   QS 504 W566 2006 2014-0430 09/07/2014 09/07/2014 Book Bank    
    Other/Generic Classification Scheme     MUST Main Library MUST Main Library 09/07/2014 Purchased 2012/36206 2 QS 504 W566 2006 2014-0431 29/03/2023 09/07/2014 Book Bank 03/02/2023  
    Other/Generic Classification Scheme     MUST Main Library MUST Main Library 09/07/2014 Purchased 2006/27649 1 QS 504 W566 2006 2014-0432 04/12/2019 09/07/2014 Book Bank 01/10/2019  
    Other/Generic Classification Scheme     MUST Main Library MUST Main Library 09/07/2014 Purchased 2006/27656   QS 504 W566 2006 2014-0433 09/07/2014 09/07/2014 Book Bank    
    Other/Generic Classification Scheme     MUST Main Library MUST Main Library 09/07/2014 Purchased 2006/27645   QS 504 W566 2006 2014-0434 09/07/2014 09/07/2014 Book Bank    
    Other/Generic Classification Scheme     MUST Main Library MUST Main Library 09/07/2014 Purchased 2012/36202 2 QS 504 W566 2006 2014-0435 20/01/2021 09/07/2014 Book Bank 06/02/2020  
    Other/Generic Classification Scheme     MUST Main Library MUST Main Library 09/07/2014 Purchased 2006/27652   QS 504 W566 2006 2014-0436 09/07/2014 09/07/2014 Book Bank    
    Other/Generic Classification Scheme     MUST Main Library MUST Main Library 09/07/2014 Purchased 2012/36210 5 QS 504 W566 2006 2014-0437 18/05/2024 09/07/2014 Book Bank 21/03/2024  
    Other/Generic Classification Scheme     MUST Main Library MUST Main Library 09/07/2014 Purchased 2012/36214 2 QS 504 W566 2006 2014-0438 10/03/2026 09/07/2014 Book Bank 10/03/2026 30/04/2026
    Other/Generic Classification Scheme     MUST Main Library MUST Main Library 09/07/2014 Purchased 2006/27640   QS 504 W566 2006 2014-0439 09/07/2014 09/07/2014 Book Bank    
    Other/Generic Classification Scheme     MUST Main Library MUST Main Library 09/07/2014 Purchased 2006/27648   QS 504 W566 2006 2014-0440 09/07/2014 09/07/2014 Book Bank    
    Other/Generic Classification Scheme     MUST Main Library MUST Main Library 09/07/2014 Purchased 2012/36211   QS 504 W566 2006 2014-0441 09/07/2014 09/07/2014 Book Bank    
    Other/Generic Classification Scheme     MUST Main Library MUST Main Library 09/07/2014 Purchased 2006/27657   QS 504 W566 2006 2014-0442 09/07/2014 09/07/2014 Book Bank    
    Other/Generic Classification Scheme     MUST Main Library MUST Main Library 09/07/2014 Purchased 2012/36209 2 QS 504 W566 2006 2014-0443 25/11/2024 09/07/2014 Book Bank 17/09/2024  
    Other/Generic Classification Scheme     MUST Main Library MUST Main Library 09/07/2014 Purchased 2012/36220 1 QS 504 W566 2006 2014-0452 29/11/2019 09/07/2014 Book Bank 01/10/2019  
    Other/Generic Classification Scheme     MUST Main Library MUST Main Library 09/07/2014 Purchased 2012/36207 2 QS 504 W566 2006 2014-0453 17/11/2025 09/07/2014 Book Bank 04/09/2025  
    Other/Generic Classification Scheme     MUST Main Library MUST Main Library 09/07/2014 Purchased 2012/36204   QS 504 W566 2006 2014-0454 09/07/2014 09/07/2014 Book Bank    
    Other/Generic Classification Scheme     MUST Main Library MUST Main Library 09/07/2014 Purchased 2012/27643   QS 504 W566 2006 2014-0455 09/07/2014 09/07/2014 Book Bank    
    Other/Generic Classification Scheme     MUST Main Library MUST Main Library 09/07/2014 Purchased 2012/36212 2 QS 504 W566 2006 2014-0456 12/04/2023 09/07/2014 Book Bank 17/02/2023  
    Other/Generic Classification Scheme     MUST Main Library MUST Main Library 09/07/2014 Purchased 2012/36217 1 QS 504 W566 2006 2014-0457 28/09/2022 09/07/2014 Book Bank 10/08/2022  
    Other/Generic Classification Scheme     MUST Main Library MUST Main Library 09/07/2014 Purchased 2012/36218 2 QS 504 W566 2006 2014-0458 19/04/2022 09/07/2014 Book Bank 23/03/2022  
    Other/Generic Classification Scheme     MUST Main Library MUST Main Library 09/07/2014 Purchased 2007/29170 1 QS 504 W566 2006 2014-0459 07/04/2021 09/07/2014 Book Bank 29/01/2020  
    Other/Generic Classification Scheme     MUST Main Library MUST Main Library 09/07/2014 Purchased 2006/27658   QS 504 W566 2006 2014-0460 09/07/2014 09/07/2014 Book Bank    
    Other/Generic Classification Scheme     MUST Main Library MUST Main Library 09/07/2014 Purchased 2006/27653   QS 504 W566 2006 2014-0462 09/07/2014 09/07/2014 Book Bank    
    Other/Generic Classification Scheme     MUST Main Library MUST Main Library 09/07/2014 Purchased 2006/27650   QS 504 W566 2006 2014-0463 09/07/2014 09/07/2014 Book Bank    
    Other/Generic Classification Scheme     MUST Main Library MUST Main Library 09/07/2014 Purchased 2006/27647 1 QS 504 W566 2006 2014-0470 03/06/2021 09/07/2014 Book Bank 13/05/2021  
    Other/Generic Classification Scheme     MUST Main Library MUST Main Library 09/07/2014 Purchased 2012/36205   QS 504 W566 2006 2014-0471 09/07/2014 09/07/2014 Book Bank    
    Other/Generic Classification Scheme     MUST Main Library MUST Main Library 09/07/2014 Purchased 2006/27651   QS 504 W566 2006 2014-0472 09/07/2014 09/07/2014 Book Bank    
    Other/Generic Classification Scheme     MUST Main Library MUST Main Library 09/07/2014 Purchased 2012/36213 4 QS 504 W566 2006 2014-0473 12/06/2024 09/07/2014 Book Bank 22/02/2024  
    Other/Generic Classification Scheme     MUST Main Library MUST Main Library 09/07/2014 Purchased 2012/36215   QS 504 W566 2006 2014-0474 09/07/2014 09/07/2014 Book Bank    
    Other/Generic Classification Scheme     MUST Main Library MUST Main Library 09/07/2014 Purchased 2012/36216   QS 504 W566 2006 2014-0475 09/07/2014 09/07/2014 Book Bank    
    Other/Generic Classification Scheme     MUST Main Library MUST Main Library 09/07/2014 Purchased 2012/36203 2 QS 504 W566 2006 2014-0476 25/01/2021 09/07/2014 Book Bank 04/02/2020  
    Other/Generic Classification Scheme     MUST Main Library MUST Main Library 09/07/2014 Purchased 2006/27655 1 QS 504 W566 2006 2014-0477 06/12/2019 09/07/2014 Book Bank 28/08/2019  
    Other/Generic Classification Scheme     MUST Main Library MUST Main Library 09/07/2014 Purchased 2006/27641   QS 504 W566 2006 2014-0478 09/07/2014 09/07/2014 Book Bank    
    Other/Generic Classification Scheme     MUST Main Library MUST Main Library 09/07/2014 Purchased 2006/27654   QS 504 W566 2006 2014-0479 09/07/2014 09/07/2014 Book Bank    
    Other/Generic Classification Scheme     MUST Main Library MUST Main Library 09/07/2014 Purchased 2006/27646   QS 504 W566 2006 2014-0480 09/07/2014 09/07/2014 Book Bank    
    Other/Generic Classification Scheme     MUST Main Library MUST Main Library 09/07/2014 Purchased 2012/36219   QS 504 W566 2006 2014-0481 09/07/2014 09/07/2014 Book Bank    
    Other/Generic Classification Scheme     MUST Main Library MUST Main Library 09/07/2014 Purchased 2012/36208 1 QS 504 W566 2006 2014-0493 21/05/2024 09/07/2014 Book Bank 22/02/2024  
    Other/Generic Classification Scheme     MUST Main Library MUST Main Library 27/08/2019   12/36201 2 QS 504 W566 2006 2019-0236 25/01/2021 27/08/2019 Book Bank 04/02/2020